书目信息 |
| 题名: |
中国大百科全书
|
|
| 作者: | ||
| 分册: | 1 a-bai | |
| 出版信息: | 北京 中国大百科全书出版社 2009 |
|
| 页数: | 580页 | |
| 开本: | 29cm | |
| 丛书名: | ||
| 单 册: | ||
| 中图分类: | Z227 | |
| 科图分类: | ||
| 主题词: | 百科全书--中国 | |
| 电子资源: | ||
| ISBN: | 978-7-5000-7958-3 | |
| 000 | 00788nam0 2200217 450 | |
| 001 | 1356260109 | |
| 005 | 20130618161544.53 | |
| 010 | @a978-7-5000-7958-3@b精装@d订购 | |
| 100 | @a20130617d2009 km y0chiy0120 ea | |
| 101 | 0 | @achi |
| 102 | @aCN@b110000 | |
| 200 | 1 | @a中国大百科全书@Azhong guo da bai ke quan shu@e@h1@ia-bai@f@g |
| 205 | @a2版 | |
| 210 | @a北京@c中国大百科全书出版社@d2009 | |
| 215 | @a580页@c@d29cm | |
| 330 | @a本书共收条目约60000个‘插图约30000幅,地图约1000幅。由条目标题、释文和相应的插图、表格、推荐书目组成。条目按汉语拼音字母顺序排列。附有汉字笔画索引、内容索引。介绍古今中外各学科、各领域的知识。 | |
| 517 | 1 | @aa-bai@A |
| 606 | 0 | @a百科全书@x中国 |
| 690 | @aZ227@v4 | |
| 801 | 0 | @aCN@b大连网信软件有限公司图书馆·11@c20130618@g |
| 905 | @aZUCC@dZ227@e121:1=2 | |
| 中国大百科全书.1.a-bai.-2版.-北京:中国大百科全书出版社,2009 |
| 580页;29cm |
| ISBN 978-7-5000-7958-3(精装):订购 |
| 本书共收条目约60000个‘插图约30000幅,地图约1000幅。由条目标题、释文和相应的插图、表格、推荐书目组成。条目按汉语拼音字母顺序排列。附有汉字笔画索引、内容索引。介绍古今中外各学科、各领域的知识。 |
| ● |
| 相关链接 |
|
|
|
|
正题名:中国大百科全书
索取号:Z227/121:1=2
 
预约/预借
| 序号 | 登录号 | 条形码 | 馆藏地/架位号 | 状态 | 备注 |
| 1 | 0544355 | 205443554 | 古籍典藏专区/ [索取号:Z227/121:1=2] | 在馆 |